Шесть партит для клавира (Запись № 13285559)

Подробности
000 -МАРКЕР
контрольное поле 03366njm0a2200565 4500
001 - ИДЕНТИФИКАТОР ЗАПИСИ
контрольное поле RU\NLR\ONIZ\303223
005 - ИДЕНТИФИКАТОР ВЕРСИИ
контрольное поле 20250708194009.0
035 ## - ДРУГИЕ СИСТЕМНЫЕ НОМЕРА
Идентификатор записи (NLR Aleph) 022092279
071 00 - ИЗДАТЕЛЬСКИЙ НОМЕР
Номер, присвоенный агентством С10 22423-5 005
100 ## - ДАННЫЕ ОБЩЕЙ ОБРАБОТКИ
Данные общей обработки 20231130g19 |||y0rusy50 ca
102 ## - СТРАНА ПУБЛИКАЦИИ ИЛИ ПРОИЗВОДСТВА
Страна публикации российская федерация
126 ## - ПОЛЕ КОДИРОВАННЫХ ДАННЫХ: ЗВУКОЗАПИСИ - ФИЗИЧЕСКИЕ ХАРАКТЕРИСТИКИ
Кодированные данные звукозаписи (общие) abbxexu ux
Кодированные данные звукозаписи (уточнения) xxx
127 ## - ПОЛЕ КОДИРОВАННЫХ ДАННЫХ: ПРОДОЛЖИТЕЛЬНОСТЬ ЗВУКОЗАПИСЕЙ И НОТНЫХ ИЗДАНИЙ (МУЗЫКАЛЬНОЕ ИСПОЛНЕНИЕ)
Продолжительность 014500
135 ## - ПОЛЕ КОДИРОВАННЫХ ДАННЫХ: ЭЛЕКТРОННЫЕ РЕСУРСЫ
Кодированные данные для электронного ресурса honoannnanndn
200 1# - ЗАГЛАВИЕ И СВЕДЕНИЯ ОБ ОТВЕТСТВЕННОСТИ
Основное заглавие Шесть партит для клавира
Общее обозначение материала Звукозапись
Сведения, относящиеся к заглавию BWV 825-830
Первые сведения об ответственности И. С. Бах
Последующие сведения об ответственности исполняет: Ралф Киркпатрик, клавесин
203 ## - ВИД СОДЕРЖАНИЯ И ТИП СРЕДСТВА
Вид содержания Музыка
Дополнительные сведения об издании исполнительская
Тип средства аудио
210 ## - ПУБЛИКАЦИЯ, РАСПРОСТРАНЕНИЕ И ДР.
Место издания, распространения и т.д. Москва
Имя издателя, распространителя и т. д. Мелодия
Дата издания, распространения и т.д. [19--]
Имя изготовителя Завод грампластинок
Место изготовления Апрелевка
215 ## - ФИЗИЧЕСКАЯ ХАРАКТЕРИСТИКА
Специфическое обозначение материала и объем 3 грп. [ГОСТ 5289-80] (145 мин) : 33 об/мин, стерео
Размеры 30 см, в кор.
Сопроводительный материал прил. (3 с.)
300 ## - ОБЩИЕ ПРИМЕЧАНИЯ
Текст примечания Manufactured under license of Polydor International GmbH, Hamburg
300 ## - ОБЩИЕ ПРИМЕЧАНИЯ
Текст примечания Запись 1958 г
325 ## - ПРИМЕЧАНИЕ О КОПИИ
Текст примечания Копия доступна в электронной библиотеке РНБ
327 1# - ПРИМЕЧАНИЯ О СОДЕРЖАНИИ
Текст примечания 1. Партита № 1 Си бемоль мажор : BWV 825 ;
-- 2. Партита № 2 до минор : BWV 826 ;
-- 3. Партита № 3 ля минор : BWV 827 ;
-- 4. Партита № 4 Ре мажор : BWV 828 ;
-- 5. Партита № 5 Соль мажор : BWV 829 ;
-- 6. Партита № 6 ми минор : BWV 830
464 #0 - АНАЛИТИЧЕСКИЙ УРОВЕНЬ
Встроенное поле 2001#$aПартита № 1 Си бемоль мажор$eBWV 825
Заглавие Партита № 1 Си бемоль мажор
464 #0 - АНАЛИТИЧЕСКИЙ УРОВЕНЬ
Встроенное поле 2001#$aПартита № 2 до минор$eBWV 826
Заглавие Партита № 2 до минор
464 #0 - АНАЛИТИЧЕСКИЙ УРОВЕНЬ
Встроенное поле 2001#$aПартита № 3 ля минор$eBWV 827
Заглавие Партита № 3 ля минор
464 #0 - АНАЛИТИЧЕСКИЙ УРОВЕНЬ
Встроенное поле 2001#$aПартита № 4 Ре мажор$eBWV 828
Заглавие Партита № 4 Ре мажор
464 #0 - АНАЛИТИЧЕСКИЙ УРОВЕНЬ
Встроенное поле 2001#$aПартита № 5 Соль мажор$eBWV 829
Заглавие Партита № 5 Соль мажор
464 #0 - АНАЛИТИЧЕСКИЙ УРОВЕНЬ
Встроенное поле 2001#$aПартита № 6 ми минор$eBWV 830
Заглавие Партита № 6 ми минор
606 1# - НАИМЕНОВАНИЕ ТЕМЫ КАК ПРЕДМЕТ
Наименование темы Партиты для клавесина
Географический подзаголовок Германия
Хронологический подзаголовок 18 век
Формальный подзаголовок Звукозапись
Код системы nlr_sh
606 1# - НАИМЕНОВАНИЕ ТЕМЫ КАК ПРЕДМЕТ
Наименование темы Клавесинисты американские
Хронологический подзаголовок 20 век
Формальный подзаголовок Звукозапись
Код системы nlr_sh
686 0# - ИНДЕКСЫ ДРУГИХ КЛАССИФИКАЦИЙ
Индекс Щ954.1-043я44(4Г)
700 #1 - ИМЯ ЛИЦА - ПЕРВИЧНАЯ ОТВЕТСТВЕННОСТЬ
Системный номер авторитетной/нормативной записи z01790
Начальный элемент ввода Бах
Часть имени, кроме начального элемента ввода И. С.
Даты 1685-1750
Расширение инициалов личного имени Иоганн Себастьян
Код отношения Композитор
Графика поля Кириллица
702 #1 - ИМЯ ЛИЦА - ВТОРИЧНАЯ ОТВЕТСТВЕННОСТЬ
Системный номер авторитетной/нормативной записи z03790
Начальный элемент ввода Киркпатрик
Часть имени, кроме начального элемента ввода Р.
Дополнения к именам, кроме дат клавесин
Даты 1911-1984
Расширение инициалов личного имени Ралф
Код отношения Исполнитель
--
Графика поля Кириллица
790 #1 - ИМЯ ЛИЦА - АЛЬТЕРНАТИВНАЯ ФОРМА
Системный номер авторитетной/нормативной записи z01700
Начальный элемент ввода Bach
Часть имени, кроме начального элемента ввода J. S.
Даты 1685-1750
Расширение инициалов личного имени Johann Sebastian
Код отношения Композитор
Графика поля Латинская
790 #1 - ИМЯ ЛИЦА - АЛЬТЕРНАТИВНАЯ ФОРМА
Системный номер авторитетной/нормативной записи z03702
Начальный элемент ввода Kirkpatrick
Часть имени, кроме начального элемента ввода R.
Дополнения к именам, кроме дат cembalo
Даты 1911-1984
Расширение инициалов личного имени Ralph
Код отношения Исполнитель
--
Графика поля Латинская
801 #0 - ИСТОЧНИК ЗАПИСИ
Страна российская федерация
Организация NLR
Дата составления 20231130
Правила каталогизации PSBO
801 #1 - ИСТОЧНИК ЗАПИСИ
Страна российская федерация
Организация NLR
Дата составления 20231130
Источник данных rusmarc
801 #2 - ИСТОЧНИК ЗАПИСИ
Страна российская федерация
Организация NLR
Дата составления 20231201
852 ## - МЕСТОНАХОЖДЕНИЕ И ШИФР ХРАНЕНИЯ
Идентификатор организации NLR
Наименование фонда или коллекции (Sub-Location Identifier) Мг
Шифр хранения (Call Number) 3/8696(1-3)
Страна
Номер экземпляра 1
856 #0 - МЕСТОНАХОЖДЕНИЕ ЭЛЕКТРОННЫХ РЕСУРОВ И ДОСТУП К НИМ
Универсальный идентификатор ресурса (Uniform Resource Identifier) https://vivaldi.nlr.ru/mk000001139/view
856 #1 - МЕСТОНАХОЖДЕНИЕ ЭЛЕКТРОННЫХ РЕСУРОВ И ДОСТУП К НИМ
Универсальный идентификатор ресурса (Uniform Resource Identifier) https://vivaldi.nlr.ru/mk000001139/cover
856 #2 - МЕСТОНАХОЖДЕНИЕ ЭЛЕКТРОННЫХ РЕСУРОВ И ДОСТУП К НИМ
Универсальный идентификатор ресурса (Uniform Resource Identifier) https://vivaldi.nlr.ru/mk000001139/text
942 ## - ДОПОЛНИТЕЛЬНЫЕ ЭЛЕМЕНТЫ ЗАПИСИ (АБИС)
Тип экземпляра АБИС Звукозапись
980 ## - КОЛЛЕКЦИЯ
Название коллекции Национальная библиография
980 ## - КОЛЛЕКЦИЯ
Название коллекции Отдел нот и звукозаписей
981 24 - КОЛЛЕКЦИЯ ЭЛЕКТРОННОЙ БИБЛИОТЕКИ
Название коллекции Нотные издания и аудиозаписи
Название подколлекции Грампластинки
Экземпляры
Тип экземпляра Дата поступления Библиотека постоянного хранения Библиотека текущего хранения Место хранения Шифр хранения Статус не для выдачи
Звукозапись 30.11.2023 РНБ (Московский) РНБ (Московский) Фонд нот и звукозаписей 3/8696(1-3) 3/8696(1-3)